The sikhs in Canada: (Record no. 20442)

MARC details
000 -LEADER
fixed length control field 00973nam a2200241 a 4500
005 - DATE AND TIME OF LATEST TRANSACTION
control field 19820422000000.0
008 - FIXED-LENGTH DATA ELEMENTS--GENERAL INFORMATION
fixed length control field 820422s1980 ii bcfj 000 0 eng
010 ## - LCCN (DPL NO)
LC control number ENG-92326
020 ## - INTERNATIONAL STANDARD BOOK NUMBER
Terms of availability 150.00
International Standard Book Number 911612740738
035 ## - SYSTEM CONTROL NUMBER
System control number EN-75859
037 ## - SOURCE OF ACQUISITION
Source of stock number/acquisition DBAD / PUB
040 ## - CATALOGING SOURCE
Original cataloging agency dpl
Language of cataloging English
082 ## - DEWEY DECIMAL CLASSIFICATION NUMBER
Classification number 971.008826
100 ## - MAIN ENTRY--PERSONAL NAME
Personal name Mohinder Paul Singh
245 ## - TITLE STATEMENT
Title The sikhs in Canada:
Statement of responsibility, etc by Mohinder Paul Singh
Remainder of title from Kama Gata Maru to Parliament Hill /
260 ## - PUBLICATION, DISTRIBUTION, ETC. (IMPRINT)
Name of publisher, distributor, etc Lahore Book Shop
Date of publication, distribution, etc (200?)
Place of publication, distribution, etc Ludhiana
270 ## - ADDRESS
Address 2-Lajpat Rai Market, Near Society Cinema,
City Ludhiana
300 ## - PHYSICAL DESCRIPTION
Extent 120 p., [16] p. of plates:
Dimensions 21cm (Hb)
Other physical details b&w photos
500 ## - GENERAL NOTE
General note Includes bibliographical references
650 ## - SUBJECT ADDED ENTRY--TOPICAL TERM
Topical term or geographic name as entry element Sikhs
Geographic subdivision Canada
General subdivision History.
942 ## - ADDED ENTRY ELEMENTS (KOHA)
Source of classification or shelving scheme Dewey Decimal Classification
Item type English Books
Call number suffix MOH
Classification part 971.008826
Holdings
Withdrawn status Lost status Source of classification or shelving scheme Damaged status Not for loan Collection code Home library Current library Date acquired Source of acquisition Cost, normal purchase price Total Checkouts Full call number Barcode Date last seen Copy number Cost, replacement price Koha item type
    Dewey Decimal Classification   Not For Loan Non-fiction D.B.Act.Division D.B.Act.Division 01/01/2009 DBAD / PUB 150.00   971.008826 MOH EN-75859 31/12/2008 1 150.00 English Books

© Delhi Public Library
Hit Counter
free hit counter